Junior Eurovision Winners by Year - Statistics

General Stats
  • This quiz has been taken 24 times
  • The average score is 21 of 22
Answer Stats
Year Country % Correct
2010 Armenia
100%
2021 Armenia
100%
2003 Croatia
100%
2020 France
100%
2022 France
100%
2023 France
100%
2008 Georgia
100%
2011 Georgia
100%
2016 Georgia
100%
2024 Georgia
100%
2018 Poland
100%
2019 Poland
100%
2006 Russia
100%
2017 Russia
100%
2004 Spain
100%
2014 Italy
95%
2012 Ukraine
90%
2005 Belarus
86%
2007 Belarus
86%
2013 Malta
86%
2015 Malta
86%
2009 Netherlands
81%
No matching quizzes found
Score Distribution
Percent of People with Each Score
Percentile by Number Answered
Your Score History
You have not taken this quiz